banner-ar

مقدمة شرح نهج البلاغة: فن البلاغة والخطابة وفضائل الامام على / (Record no. 45059)

MARC details
000 -الفاتح
حقل البيانات ثابتة الطول 00795nam a2200229Ia 4500
008 - عناصر البيانات ثابتة الطول - معلومات عامة
حقل البيانات ثابتة الطول 140319s9999 xx 000 0 ara d
040 ## - مصدر الفهرسة
وكالة الفهرسة الأصلية GCL /
وكالة النسخ GCL
082 04 - رقم تصنيف ديوى العشرى
رقم التصنيف 414
رقم المادة ب م
100 1# - المدخل الرئيسى - إسم شخصى
الإسم الشخصى عبدالقادر حسين
245 10 - بيان العنوان
العنوان مقدمة شرح نهج البلاغة: فن البلاغة والخطابة وفضائل الامام على /
بيان المسئوليه,etc عبدالقادر حسين
700 1# - المدخل الاضافى - اسم شخصى
الإسم الشخصى البحرانى, كمال الدين ميثم
300 ## - الوصف المادى
التعداد 255 ص
490 ## - بيان السلسلة
عنوان السلسلة 100 قصة
رقم المجلد/ التعيين التسلسلي 0
650 04 - المدخل الاضافى بالموضوع-مصطلح موضوعى
مصطلح موضوعي الخطابة
650 04 - المدخل الاضافى بالموضوع-مصطلح موضوعى
مصطلح موضوعي البلاغة العربية
650 04 - المدخل الاضافى بالموضوع-مصطلح موضوعى
مصطلح موضوعي البيان
650 04 - المدخل الاضافى بالموضوع-مصطلح موضوعى
مصطلح موضوعي البلاغة العربية- المعانى
650 04 - المدخل الاضافى بالموضوع-مصطلح موضوعى
مصطلح موضوعي على بن ابى طالب
650 04 - المدخل الاضافى بالموضوع-مصطلح موضوعى
مصطلح موضوعي البلاغة العربية - البديع
942 ## - عناصر المدخل الإضافي( كوها)
مصدر التصنيف او مخطط الترفيف Dewey Decimal Classification
Koha [default] item type كتاب
Holdings
حالة التراجع حالة الفقد حالة تلف ليس للاعارة المكان المؤقت الموقع الحالى تاريخ الاكتساب اجمالي اﻻعارات رقم الطلب الباركود تاريخ اخر مشاهدة تاريخ تفعيل السعر نوع وعاء كوها
        مكتبة القاهرة الكبرى مكتبة القاهرة الكبرى 03/26/2014   414\ب م 110003 03/26/2014 03/26/2014 كتاب

Powered By

EGPV